| 000 | 00575 a2200205 4500 | ||
|---|---|---|---|
| 001 | sjds | ||
| 003 | sjds | ||
| 005 | 20240203093437.0 | ||
| 008 | 240203b |||||||| |||| 00| 0 spa d | ||
| 020 | _a9789992467107 | ||
| 020 | _a999246710X | ||
| 040 | _csjds | ||
| 041 | _aspa | ||
| 100 | 1 | _aMontenegro, Mario | |
| 245 |
_aEl Caballito de Palo / _cMario Montenegro, Vicky Ramos |
||
| 260 |
_a Managua, _bFondo Editorial Libros para Ninos, _c2006 |
||
| 300 |
_a 1 volume (unpaged) : illustrations ; 24 cm _billustrations ; _c24 cm |
||
| 700 | 1 | _aRamos, Vicky | |
| 942 | _cBK | ||
| 999 |
_c25528 _d25528 |
||